000 00211 a2200085 4500
020 _a9780754819547
100 _aMichael Howard
245 _aCustomers who viewed this item also viewed
260 _bLorenz Books
_c 2010
999 _c13667
_d13667